00314nam a2200133Ia 4500100002900000650002500029366000700054654001300061245004500074260002200119082001400141300000800155546001700163 aLin/Yi-Bang/ Chlamtac/I  aWireless and network f25 awireless aWireless and mobile network architecture bWiley Indiac2001 a5.74bLIN a532 aENGLISHcTTL